000 00470nam a22001457a 4500
020 _qHB.
040 _cFIZZA ISHAQ
082 _a909
_bWIL
100 _a Williams , Henry Smith.
_9134324
245 _aThe historians' history of the world in twenty-five volumes, volume XX-ENGLAND,1642-1791 /
_c Williams , Henry Smith.
250 _aVol : XX
260 _a New York:
_b Press of J. J. Little & Co,
_c1904.
300 _axii ; 663 P. ; ill. ;
_c27 cm
942 _2ddc
_cBK
999 _c617308
_d617308